U.S. Presidents and Vice Presidents - Statistics

General Stats
  • This quiz has been taken 1,187 times
    1,102 since last reset
  • The average score is 66 of 80
Answer Stats
Hint Answer % Correct
1789–1797 George Washington
99%
1797–1801 John Adams
97%
1801–1809 Thomas Jefferson
97%
1993–2001 Bill Clinton
96%
George Clinton
96%
1825–1829 John Quincy Adams
96%
1861–1865 Abraham Lincoln
95%
Kamala Harris
95%
1865–1869 Andrew Johnson
94%
1809–1817 James Madison
94%
1817–1825 James Monroe
94%
1963–1969 Lyndon B. Johnson
94%
1829–1837 Andrew Jackson
93%
1933–1945 Franklin D. Roosevelt
93%
Richard Mentor Johnson
93%
1969–1974 Richard Nixon
93%
2009–2017 Barack Obama
92%
2017–2021, 2025– Donald Trump
92%
1989–1993 George H. W. Bush
92%
2001–2009 George W. Bush
92%
1945–1953 Harry S. Truman
92%
2021–2025 Joseph R. Biden
92%
1901–1909 Theodore Roosevelt
92%
1953–1961 Dwight D. Eisenhower
91%
1977–1981 Jimmy Carter
91%
1961–1963 John F. Kennedy
91%
1981–1989 Ronald Reagan
91%
1974–1977 Gerald Ford
90%
JD Vance
90%
1837–1841 Martin Van Buren
90%
1913–1921 Woodrow Wilson
90%
Henry Wilson
89%
1841–1845 John Tyler
89%
1869–1877 Ulysses S. Grant
89%
1841 William Henry Harrison
89%
1949–1850 Zachary Taylor
89%
1857–1861 James Buchanan
88%
1845–1849 James K. Polk
88%
Mike Pence
88%
Al Gore
87%
1923–1929 Calvin Coolidge
87%
1929–1933 Herbert Hoover
87%
1909–1913 William H. Taft
87%
1889–1893 Benjamin Harrison
86%
1853–1857 Franklin Pierce
86%
1850–1853 Millard Fillmore
86%
Dick Cheney
85%
1885–1889, 1893–1897 Grover Cleveland
85%
1881 James A. Garfield
85%
1897–1901 William McKinley
85%
1881–1885 Chester A. Arthur
84%
1877–1881 Rutherford B. Hayes
84%
1921–1923 Warren G. Harding
84%
Aaron Burr
82%
Spiro Agnew
78%
Nelson Rockefeller
76%
Walter Mondale
76%
Dan Quayle
74%
Hubert Humphrey
72%
John C. Calhoun
71%
Hannibal Hamlin
70%
Henry A. Wallace
68%
Elbridge Gerry
67%
Daniel D. Tompkins
65%
John C. Breckinridge
65%
William R. King
65%
Adlai Stevenson
64%
John Nance Garner
64%
Charles G. Dawes
63%
George M. Dallas
63%
Alben W. Barkley
62%
Thomas R. Marshall
62%
Charles Curtis
61%
Charles W. Fairbanks
61%
Schuyler Colfax
61%
James S. Sherman
60%
Garret Hobart
57%
Levi P. Morton
55%
William A. Wheeler
55%
Thomas A. Hendricks
54%
No matching quizzes found
Score Distribution
Percent of People with Each Score
Percentile by Number Answered
Your Score History
You have not taken this quiz since the last reset